000 01664cam a22004694i 4500
003 PE-LiUPU
005 20250731173452.0
008 150616s r 000 0 d
020 _a0800627431
035 _a(Sirsi) i9780800627430
040 _aPE-LiUPU
_bspa
_cPE-LiUPU
_erda
049 _aPRUA
082 0 4 _a224.306
_bW48
_221
100 1 _aWestermann, Claus,
_eautor.
245 1 0 _aLamentations Issues and Interpretation /
_cClaus Westermann.
264 1 _aMinneapolis :
_bFortress Press,
_c1994.
300 _a252 páginas ;
_c20 centímetros
336 _atext
_2rdacontent
337 _aunmediated
_2rdamedia
338 _avolume
_2rdacarrier
505 0 _aThe Dirge and a Lament over the Death of a City -- History of Interpretation -- On Interpreting Lamentations -- Exegesis of Lamentations -- The theological Significance of Lamentations.
526 _aSEG42
526 _aSEG41
526 _aSEG40
526 _aSEG39
526 _aP94
526 _aP87
526 _aP86
526 _aP85
526 _aP77
526 _aP76
526 _aP35
630 _aBiblia.
_pA.T.
_pLamentaciones
_xCrítica, interpretación, etc.
650 0 4 _a
910 _ajck
_bjvq
_cjck
942 _2ddc
_cBOOK
949 _a224.306 W48
_wDEWEY
_c1
_i39869
_lCCODEBUL1
_mBUL
_r0
_sY
_tBOOK
_u2015-6-16
_xTEOLOGIA
_zUNKNOWN
_0COMPRA
_o.STAFF. Colección General
994 _aC0
_bPEPRU
596 _a1
999 _a224.306 W48
_wDEWEY
_c57643
_i39869
_f2021-11-11
_g5
_lCCODEBUL1
_mBUL
_r0
_sY
_tBOOK
_u2015-6-16
_xTEOLOGIA
_zUNKNOWN
_0COMPRA
_o.STAFF. Colección General
_d57643
980 _81
_gALBERTO SANCHEZ Responsable de Automatización